| 000 | 01086 a2200265 4500 | ||
|---|---|---|---|
| 003 | Nust | ||
| 005 | 20220720094305.0 | ||
| 010 | _a 2004043591 | ||
| 020 | _a0415309972 (acid-free paper) | ||
| 040 | _cNust | ||
| 082 | 0 | 0 | _a003.85,DYN |
| 245 | 0 | 0 |
_aDynamical systems and control / _cedited by Firdaus E. Udwadia, H.I. Weber, George Leitmann. |
| 260 |
_aBoca Raton : _bCRC Press, _cc2004. |
||
| 300 |
_aix, 437 p. : _bill. ; _c27 cm. |
||
| 440 | 0 |
_aStability and control ; _vv. 22 _993953 |
|
| 505 | _aA Geometric Approach to the Mehanics of Densely Folded Media (Page-3), Optimal Round-Trip Earth-Mars Trajectories for Robotic Flight and Manned Flight (Page-109), Estimation of the Attractor for an Uncertain Epidemic Model (Page-337). | ||
| 650 | 0 | _aControl theory. | |
| 650 | 0 |
_aDifferentiable dynamical systems. _91713 |
|
| 650 | 0 | _aDynamics. | |
| 700 | 1 |
_aLeitmann, George. _993954 |
|
| 700 | 1 |
_aUdwadia, F. E. _993955 |
|
| 700 | 1 |
_aWeber, H. _993956 |
|
| 856 | 4 | 2 |
_3Publisher description _uhttp://www.loc.gov/catdir/enhancements/fy0646/2004043591-d.html |
| 942 |
_cREF _2ddc |
||
| 999 |
_c176062 _d176062 |
||